[Event "FIDE WCCC U12 2018"]
[Site "Santiago de Compostela"]
[Date "2018.11.09"]
[Round "5"]
[White "Tugstumur, Yesuntumur"]
[Black "Wang, Jason"]
[Result "1-0"]
[WhiteElo "2331"]
[BlackElo "2229"]
[Annotator "TA"]
[PlyCount "93"]
[EventDate "2018.11.04"]
[EventType "swiss"]
[EventCountry "ESP"]
[SourceTitle "playchess.com"]
[Source "ChessBase"]
[SourceQuality "1"]

{[%evp 24,93,4,12,21,0,4,0,0,0,0,0,19,22,16,10,72,11,11,12,95,100,95,88,140,103,214,215,212,194,204,204,187,204,184,164,239,237,375,368,356,379,350,350,722,722,776,760,642,-14,350,339,348,339,328,272,367,356,357,331,314,320,403,392,435,420,435,407,594,596,869,861]} 1. d4 d5 2. c4 dxc4 3. e3 e5 4. Bxc4 exd4 5. exd4 Bd6 6. Nf3 Nf6 7. O-O O-O 8. h3 Nc6 9. Nc3 h6 10. Qc2 {D20: Queen's Gambit Accepted: 3 e3 and 3 e4} (10. a3 Bf5 11. Re1 a6 12. Be3 Qd7 13. d5 Ne5 14. Bf1 Nxf3+ 15. Qxf3 Rfe8 16. Bd4 Rxe1 17. Rxe1 Re8 18. Rxe8+ Nxe8 19. g4 {½-½ (33) Cori Tello,J (2659)-Hungaski,R (2510) Montevideo 2018}) 10... Na5 11. Bd3 Be6 12. Re1 Nc6 {[%cal Ba5c6,Bc6e7,Be7d5][%mdl 32]} 13. a3 {LiveBook: 8 Games} Re8 14. Be3 Ne7 $146 ({Predecessor:} 14... Nd5 15. Bh7+ Kh8 16. Be4 Nce7 17. Bd2 c6 {1-0 (47) Cvitan,O (2492)-Tosic,M (2384) Veliko Gradiste 2018}) 15. Rad1 c6 16. Ne5 Ned5 17. Bc1 Nb6 18. Re3 Qc7 19. Rde1 a6 (19... Rad8 $11) 20. Ne4 (20. Qd2 $1 $16) 20... Nxe4 $11 21. Bxe4 Bd5 (21... Nd7 $11) 22. Bh7+ $16 Kh8 23. Bd3 $1 Kg8 ({Black should try} 23... Be6) 24. Rg3 $1 {Threatens to win with Bxh6.} Kh8 (24... Re6 $16 {keeps fighting.}) 25. Qe2 $1 $18 {[%cal Re2g4]} Re6 26. Qg4 $1 {[%csl Gg3][%cal Rg4g7]} Rg8 27. Qf5 {[%csl Gd3][%cal Rf5h7]} g6 {[#]} 28. Qf4 $1 {[%cal Rf4h6]} g5 29. Qf5 $40 {[%csl Gd3][%cal Rf5h7][%mdl 128] White attacks with force.} f6 (29... Rg7 $142) 30. Ng6+ Kg7 (30... Rxg6 $142 31. Rxe6 Bxe6 32. Qxg6 Qg7) 31. Rxe6 Bxe6 32. Qxe6 Bxg3 {[#]} 33. Ne7 $1 {[%csl Ge7][%cal Re6g8]} ({Don't do} 33. fxg3 Qf7 $18) 33... Rf8 $2 (33... Bh2+ 34. Kh1 Rf8) 34. fxg3 Qd7 35. Qe4 {[%csl Gd3][%cal Re4h7]} Kf7 36. Qe2 $2 (36. Be2 $18 {White threatens Bh5+ and mate.} Qe6 37. Qh7+ Ke8 38. Nf5 Qxe2 39. Qxb7) 36... Qe6 $2 {[%mdl 8192]} (36... Re8 $1 $11) 37. Nf5 {Intending Qh5+ and mate.} Qxe2 38. Bxe2 Rd8 39. Kf2 Na4 40. Bd1 Nb6 41. Nxh6+ Kg6 42. Ng4 Kg7 43. Ne3 Nd5 44. Nf5+ Kf7 45. Bd2 c5 (45... b5 {was worth a try.} 46. h4 Ke6) 46. dxc5 b6 47. Bb3 {Precision: White = 74%, Black = 33%.} 1-0

[Event "FIDE WCCC U12 2018"]
[Site "Santiago de Compostela"]
[Date "2018.11.09"]
[Round "5"]
[White "Lazavik, Denis"]
[Black "Samadov, Read"]
[Result "1/2-1/2"]
[WhiteElo "2235"]
[BlackElo "2029"]
[Annotator "TA"]
[PlyCount "81"]
[EventDate "2018.11.04"]
[EventType "swiss"]
[EventCountry "ESP"]
[SourceTitle "playchess.com"]
[Source "ChessBase"]
[SourceQuality "1"]

{[%evp 26,81,31,29,43,41,32,42,33,25,24,-78,35,0,0,0,74,0,104,16,76,83,100,86,39,-50,-82,-203,-146,-482,-408,-482,-481,-612,-599,-1212,-1175,-1356,-1300,-2033,-1945,-1905,-1742,-2401,-1184,-2007,-1989,-6345,-3551,-2523,-287,-287,0,0,0,0,0,0]} 1. d4 Nf6 2. c4 c5 3. d5 e6 4. Nc3 exd5 5. cxd5 d6 6. g3 g6 7. Bg2 Bg7 8. Nf3 {[%cal Bg1f3,Bf3d2,Bd2c4][%mdl 32]} O-O 9. O-O a6 10. a4 Nbd7 11. Nd2 Re8 12. h3 Qc7 {A64: Modern Benoni: Fianchetto Variation: 9...Nbd7 10 Nd2 a6 11 a4 Re8} (12... Rb8 13. Nc4 Ne5 14. Na3 Nh5 15. e4 Bd7 16. g4 Nf6 17. g5 Nh5 18. f4 b5 19. fxe5 b4 20. Nc4 bxc3 21. bxc3 Bxe5 22. Qf3 f5 23. gxf6 Qxf6 24. Nxe5 Qxe5 {0-1 (60) So,W (2812)-Nakamura,H (2785) Stavanger 2017}) 13. Nc4 Ne5 14. Na3 {LiveBook: 3 Games} Nh5 {[#] White has an edge.} 15. g4 $146 ({Predecessor:} 15. Kh2 Qe7 16. a5 g5 17. Qd2 h6 18. b3 f5 19. Bb2 g4 20. Na4 {0-1 (27) Bogner,S (2504)-Durarbayli,V (2456) Kemer 2009}) 15... Nxg4 16. hxg4 Bxg4 17. Qd3 Qe7 18. e4 (18. Nc4 $11) 18... Rab8 (18... Qh4 $17) 19. a5 f5 20. Nc4 f4 (20... Bd4 $11) 21. e5 (21. Ne2 $1 $16 {[%cal Re2f4]} f3 22. Bxf3 Bxf3 23. Qxf3) 21... Bf5 (21... Qh4 $1 $11 {keeps the balance.}) 22. Qf3 (22. exd6 $6 Qh4 $11) (22. Ne4 $1 $16 Bxe5 23. Nxe5) 22... dxe5 (22... Qh4 $11) 23. Ne4 $1 $16 Rbd8 24. d6 Qh4 25. Bd2 ({Don't play} 25. Nxc5 e4 $17) (25. Re1 $14) 25... g5 $15 {[%cal Bg6g5,Bg5g4,Bg4g3,Bg3f2][%mdl 32]} 26. d7 (26. Qb3 $17 Be6 27. Rfe1) 26... Bxd7 $19 27. Rfd1 $2 {[%mdl 8192]} (27. Nxc5 $17 {is a better chance.} g4 28. Qb3 (28. Qxb7 g3 $19)) 27... g4 ({Less strong is} 27... Bg4 28. Qc3 $17) 28. Qb3 {White wants to play Ncd6+.} Be6 29. Qc2 {Now Ncd6 and White clings on.} g3 30. Kf1 gxf2 31. Ra3 Ng3+ 32. Nxg3 fxg3 33. Ne3 Bh6 34. Ra4 Bf4 (34... Qh2 $142 35. Qxc5 Rxd2 $1 {[%mdl 512]} 36. Rxd2 Bxe3 37. Qxe3 Qg1+ 38. Ke2 Qe1+ 39. Kd3 Rd8+ 40. Ke4 Rxd2 41. Ra3 Bd5+ 42. Kf5 Qxe3 43. Rxe3 Bxg2 44. Rxg3+ Kf7 45. Kg5 f1=Q 46. b3 Qf4+ 47. Kh5 Qxg3 48. b4 Bf3+ 49. Kh6 Qh4#) 35. Qe4 Qh2 36. Qf3 Bxe3 37. Qxe3 Qg1+ $2 (37... Rd7 {Hoping for ...Qg1+.} 38. Qg5+ Rg7) 38. Ke2 {[#]} Qxg2 $2 ({Better is} 38... f1=B+ $1 $19 39. Rxf1 Qxg2+ 40. Ke1 Rd7) 39. Qg5+ $11 {The position is equal.} Kf7 40. Qh5+ Kg8 41. Qg5+ {Precision: White = 12%, Black = 46%.} 1/2-1/2

[Event "FIDE WCCC U12 2018"]
[Site "Santiago de Compostela"]
[Date "2018.11.09"]
[Round "5"]
[White "Tashev, Aleksandar"]
[Black "Aguado Doncel, Pablo Luis"]
[Result "1-0"]
[WhiteElo "2211"]
[BlackElo "1899"]
[Annotator "TA"]
[PlyCount "69"]
[EventDate "2018.11.04"]
[EventType "swiss"]
[EventCountry "ESP"]
[SourceTitle "playchess.com"]
[Source "ChessBase"]
[SourceQuality "1"]

{[%evp 25,69,-38,-38,-41,-21,-37,-30,-39,-37,-59,-46,-52,-59,-59,-59,-59,-59,-70,-37,-32,-37,-34,0,-39,-33,-31,-27,-25,-21,-24,0,-15,0,0,152,164,203,203,315,220,582,589,547,546,1841,1105]} 1. Nf3 d5 2. d4 Nf6 3. c4 e6 4. Nc3 Be7 5. Bg5 O-O 6. e3 Nbd7 7. cxd5 exd5 8. Bd3 c6 9. Qc2 h6 10. Bf4 Nh5 11. Bg3 Re8 12. O-O Nxg3 13. hxg3 Nf6 14. Rab1 {D36: Queen's Gambit Declined: Exchange Variation: Main line (5 Bg5 c6 6 Qc2)} a5 (14... Bb4 15. a3 Bxc3 16. bxc3 Qd6 17. a4 c5 18. c4 dxc4 19. Bxc4 b6 20. Rfc1 cxd4 21. Nxd4 Bd7 {½-½ (40) Krstulovic,A (2278)-Papp,L (2086) Hajduboszormeny 2016}) 15. Rfc1 Bd6 16. a3 {Black has an edge.} Qe7 17. Bf5 $146 ({Predecessor:} 17. Re1 Ne4 18. Na4 Qc7 19. Kh2 Bf5 {0-1 (40) Vennemann,J (1905)-Noeckler,A (1895) Bayern 1999}) 17... Bxf5 18. Qxf5 g6 19. Qc2 h5 20. Na4 Ne4 21. Nc5 Kg7 (21... Bxc5 $5 22. dxc5 a4 $15) 22. b4 axb4 23. axb4 Ra3 24. Qb2 Rea8 {[#] aiming for ...Ra2.} 25. Ra1 Rxa1 26. Rxa1 Rxa1+ 27. Qxa1 b6 28. Nd3 Kh7 29. Qa8 Nxg3 $2 {[#]} (29... Qd7 $1 $11) 30. Qxc6 $16 Nf5 31. Qxd5 ({Don't play} 31. Qxb6 $6 Kg7 $16) 31... Nxe3 (31... Kg7 $142 32. e4 Nh6) 32. Ng5+ Kh6 $2 (32... Kg7 33. fxe3 Qxe3+ 34. Kh1 Qe7) 33. Nxf7+ $18 {White is clearly winning.} Kg7 34. Qxd6 Qxf7 35. Qe5+ {Precision: White = 48%, Black = 38%.} 1-0

[Event "FIDE WCCC U12 2018"]
[Site "Santiago de Compostela"]
[Date "2018.11.09"]
[Round "5"]
[White "Chasin, Nico"]
[Black "Yoo, Christopher Woojin"]
[Result "1-0"]
[WhiteElo "2189"]
[BlackElo "2407"]
[Annotator "TA"]
[PlyCount "109"]
[EventDate "2018.11.04"]
[EventType "swiss"]
[EventCountry "ESP"]
[SourceTitle "playchess.com"]
[Source "ChessBase"]
[SourceQuality "1"]

{[%evp 14,109,43,29,43,34,27,27,14,6,12,13,12,0,18,0,17,0,1,1,8,16,0,0,72,72,65,71,72,65,76,80,67,71,83,94,139,139,141,134,135,134,142,149,151,129,450,453,447,436,414,316,336,377,368,352,514,497,445,336,325,246,245,229,231,221,218,139,226,220,295,210,532,517,516,510,558,478,604,598,584,580,1124,938,1389,1834,29983,29975,29984,29985,29985,29986,29986,29987,29991,29992,29993,29994]} 1. Nf3 Nf6 2. c4 g6 3. Nc3 d5 4. cxd5 Nxd5 5. h4 Bg7 6. e4 {A16: Englische Eröffnung} Nxc3 7. dxc3 Qxd1+ 8. Kxd1 {LiveBook: 49 Partien. Weiß steht etwas besser.} Nc6 $146 ({Vorgänger:} 8... e5 9. Be3 Bg4 10. Be2 Nd7 11. Nd2 Bxe2+ 12. Kxe2 h5 13. a4 {0-1 (53) Gordievsky,D (2615)-Sarana,A (2641) Sochi 2018}) 9. Bf4 e5 10. Be3 f5 11. Nd2 f4 12. Bc5 Be6 13. f3 a6 14. a4 Kf7 15. Kc2 b6 16. Bf2 Rhd8 17. Be2 Na5 18. Rad1 c5 (18... h5 $11) 19. b4 $1 $16 {[%cal Rb4a5]} cxb4 20. Bxb6 bxc3 21. Bxa5 ({Ein No Go ist} 21. Bxd8 Rxd8 22. Kxc3 Rc8+ 23. Kb4 Nc6+ 24. Kc3 (24. Ka3 $2 Nd4 $19) 24... Na5+ 25. Kb4 Nc6+ 26. Kc3 (26. Ka3 $2 Nd4 $19) 26... Na5+ $11) 21... Rxd2+ 22. Rxd2 cxd2 23. Rb1 Bf6 24. Rb7+ Kg8 25. Bxd2 Rc8+ 26. Kb2 Rc6 27. a5 Bd8 28. Bc3 Bc8 29. Ra7 Rc5 $2 {[%mdl 8192]} (29... Bxh4 $16 {ist zäher.} 30. Bxe5 Be1) 30. Bxa6 $18 Bxa6 31. Rxa6 {Droht Ta8 und aus.} Bxh4 {[%mdl 4096] Endspiel KTL-KTL} 32. Re6 Kf7 33. Rxe5 Rc6 {Schwarz will ...Lf6 spielen.} 34. Rb5 Bd8 (34... Ke6 {war angesagt.} 35. Be5 Bg5) 35. Rb7+ Ke8 36. Rxh7 Ra6 37. Rg7 Kf8 38. Rb7 Bxa5 39. Bg7+ Ke8 40. Kc2 Be1 (40... Rd6 $16) 41. Kd3 Bh4 42. Kc4 g5 $2 (42... Ra4+ 43. Kb3 Ra5) 43. Kd5 g4 44. Ke5 Ra2 45. Kxf4 Rxg2 46. fxg4 Rf2+ {[#]} 47. Ke5 $1 Rg2 {[#]} 48. Kf5 $1 Rf2+ 49. Ke6 Rf4 50. Rb8+ {Weiß setzt Matt.} Bd8 51. e5 Ra4 52. Bf6 {[%csl Gf6][%cal Rb8d8]} Ra6+ 53. Kf5 Kf7 54. Bxd8 Rh6 55. Rb7+ {Precision: Weiß = 72%, Schwarz = 39%.} 1-0

[Event "FIDE WCCC U12 2018"]
[Site "Santiago de Compostela"]
[Date "2018.11.09"]
[Round "5"]
[White "Chyzy, Jakub"]
[Black "Makhmudjonov, Davlatbek"]
[Result "1/2-1/2"]
[WhiteElo "2136"]
[BlackElo "1608"]
[Annotator "TA"]
[PlyCount "74"]
[EventDate "2018.11.04"]
[EventType "swiss"]
[EventCountry "ESP"]
[SourceTitle "playchess.com"]
[Source "ChessBase"]
[SourceQuality "1"]

{[%evp 15,74,3,45,-12,46,0,4,4,6,4,0,-2,14,-41,-27,-23,-35,-15,-7,-16,12,-27,-13,-19,-18,-31,-24,-24,-24,-30,-12,-45,0,-77,-11,-13,-9,-12,-5,-24,-21,-5,441,466,503,491,487,489,451,454,1072,1047,1385,1340,29974,29969,29986,29987,29986,29982,29981]} 1. e4 e5 2. Nf3 Nc6 3. Bb5 a6 4. Ba4 d6 5. c4 Nf6 6. Nc3 Be7 7. d4 Bd7 8. O-O O-O {LiveBook: 3 Games. C72: Ruy Lopez: Deferred Steinitz: 5 0-0} (8... Nxd4 9. Nxd4 exd4 10. Bxd7+ Qxd7 11. Qxd4 O-O 12. a4 Rfe8 13. a5 Rad8 14. f3 c6 15. Kh1 Qe6 16. Bg5 h6 17. Bh4 Nh5 18. Bxe7 Qxe7 19. Rad1 Nf4 {1-0 (59) Smirin,I (2652)-Bar,R (2474) Israel 2013}) 9. h3 (9. d5 $14 Na5 10. Bxd7 Qxd7 11. c5) 9... h6 $146 (9... exd4 $11 10. Nxd4 Nxd4 11. Qxd4 Bxa4 12. Nxa4 Nd7) ({Predecessor:} 9... exd4 10. Nxd4 Nxd4 11. Qxd4 Bxa4 12. Nxa4 Nd7 13. Bf4 Bf6 14. Qd2 Re8 15. Rfe1 Ne5 16. Bxe5 Bxe5 {0-1 (59) Levenfish,G-Schlechter,C Karlsbad 1911}) 10. Re1 (10. d5 {is more complex.} Na5 11. Bxd7 Qxd7 12. Nd2 b5 13. cxb5 axb5 14. b4) 10... exd4 {The position is equal.} 11. Nxd4 Nxd4 12. Qxd4 Bxa4 13. Nxa4 Nd7 14. f4 ({White should play} 14. Bf4 $11) 14... Bf6 15. Qd3 Re8 16. Be3 b6 17. Rad1 Bh4 18. Bf2 b5 $36 {[%mdl 2048] White is under pressure.} 19. cxb5 axb5 20. Qxb5 Bxf2+ 21. Kxf2 Qh4+ 22. Kg1 Nf6 $1 23. Nc3 Qxf4 (23... Rab8 $5 {[%cal Rb8b5]} 24. Qe2 Qxf4 $15) 24. Qf5 {[#]} (24. Qc6 $11) 24... Qh4 ({Better is} 24... Rxe4 $1 $17 {[%mdl 512]} 25. Qxf4 (25. Nxe4 Qxf5) 25... Rxf4) 25. Rf1 Re5 26. Qf4 Qh5 27. Qf3 Qg6 {[%cal Rf6e4]} 28. Rd4 Rg5 $2 {[%mdl 8192] [#]} (28... Ra6 $11 {and Black is okay.}) 29. e5 $1 $18 {[%mdl 512]} Rb8 (29... dxe5 30. Qxa8+) 30. exf6 Rxb2 {[%cal Rg5g2]} 31. Rg4 Rxg4 32. hxg4 {And now Nd5 would win.} ({Not} 32. Qxg4 Qxg4 33. hxg4 gxf6 $18) 32... gxf6 (32... c6 $142 33. Qxc6 Qxg4 34. Qa8+ Kh7) 33. Nd5 {Intending Ne7+ and mate.} Kg7 34. Nf4 Qc2 35. Nh5+ {White mates.} Kh7 36. Nxf6+ Kg6 37. Ne4 {[%csl Gf1][%cal Rf3f7]} Qc4 {[%mdl 32768] Precision: White = 49%, Black = 47%. . An unexpected result.} 1/2-1/2

[Event "FIDE WCCC U12 2018"]
[Site "Santiago de Compostela"]
[Date "2018.11.09"]
[Round "5"]
[White "Xu, Arthur"]
[Black "Djurovic, Peko"]
[Result "1-0"]
[WhiteElo "2034"]
[BlackElo "1887"]
[Annotator "NA RC"]
[PlyCount "105"]
[EventDate "2018.11.04"]
[EventType "swiss"]
[EventCountry "ESP"]
[SourceTitle "playchess.com"]
[Source "ChessBase"]
[SourceQuality "1"]
[TimeControl "40/5400+30:1800+30"]

{[%evp 22,104,27,-67,-34,-44,-35,-37,-35,-44,-8,-26,32767,-25,-36,-59,0,3,0,32767,32767,32767,177,132,77,40,32767,32767,32767,32767,32767,32767,32767,147,163,164,220,210,244,229,32767,32767,282,32767,32767,284,32767,32767,349,391,388,400,32767,32767,375,398,521,377,32767,364,402,283,430,414,524,579,32767,586,32767,591,32767,895,1151,1002,872,1033,947,32767,32767,32767,29995,1133,29996,29997,29999]} 1. e4 {[%emt 0:00:00]} c5 {[%emt 0:00:00]} 2. Nf3 {[%emt 0:00:00]} Nc6 {[%emt 0:00:00]} 3. d4 {[%emt 0:00:00]} cxd4 {[%emt 0:00:06]} 4. Nxd4 {[%emt 0:00:00]} Nf6 {[%emt 0:00:22]} 5. Nc3 {[%emt 0:00:07]} d6 {[%emt 0:01:11]} 6. Bg5 {[%emt 0:00:10]} e6 {[%emt 0:00:14]} 7. Qd2 {[%emt 0:00:10]} a6 {[%emt 0:00:30]} 8. O-O-O {[%emt 0:00:11]} h6 {[%emt 0:00:09]} 9. Nxc6 {[%emt 0:00:09]} bxc6 {[%emt 0:00:21]} 10. Bf4 {[%emt 0:00:10]} d5 {[%emt 0:03:36]} 11. Qe3 {[%emt 0:00:12]} Bb4 {[%emt 0:05:34]} 12. e5 $146 {[%emt 0:00:17] B66: Sicilian: Richter-Rauzer: 7...a6 8 0-0-0 h6} ({Predecessor:} 12. Be2 $11 O-O 13. e5 Nd7 14. Qg3 Kh8 15. Qh3 Kg8 16. Rd3 Be7 17. Rg3 Bh4 18. Bxh6 g6 19. Rg4 Bxf2 20. Rf1 Bc5 21. Bg5 Be7 22. Bxe7 Qxe7 23. Qh6 Nxe5 24. Rh4 {1-0 (24) Wang,H (2709)-Ivanchuk,V (2726) Huaian 2017}) 12... Nd7 {[%emt 0:11:00]} 13. Qg3 {[%emt 0:08:27]} Kf8 {[%emt 0:09:52]} 14. Kb1 {[%emt 0:04:35]} Rb8 {[%emt 0:08:02]} 15. Bc1 {[%emt 0:03:44]} Qa5 {[%emt 0:13:33]} 16. Ne2 {[%emt 0:05:12]} Nc5 {[%emt 0:16:06]} 17. Qe3 {[%emt 0:33:11]} Ne4 {[%emt 0:18:27]} 18. Ka1 {[%emt 0:24:01]} Qc5 {[%emt 0:07:22]} (18... Bc5 $17 19. Nd4 Rb4) 19. Nd4 {[%emt 0:04:39]} Qb6 {[%emt 0:00:29]} 20. Nb3 {[%emt 0:05:08]} Qxe3 {[%emt 0:02:28]} 21. Bxe3 {[%emt 0:00:13]} a5 {[%emt 0:00:21]} 22. f3 {[%emt 0:02:51]} Nc3 {[%emt 0:00:44]} 23. Rd3 {[%emt 0:02:08]} (23. bxc3 $16 Bxc3+ 24. Kb1) 23... Nb5 {[%emt 0:00:25]} 24. c3 {[%emt 0:00:29]} Be7 {[%emt 0:00:30]} 25. Nxa5 {[%emt 0:00:23]} Bd7 {[%emt 0:00:30]} 26. Nb3 {[%emt 0:00:22]} Nc7 {[%emt 0:00:32]} 27. Nc5 {[%emt 0:00:18]} Ke8 {[%emt 0:00:07]} 28. Be2 {[%emt 0:01:05]} Rb5 {[%emt 0:00:44]} (28... Bc8 {was called for.} 29. Rd2 Ra8) 29. b4 {[%emt 0:00:19]} Bxc5 {[%emt 0:00:24]} 30. Bxc5 {[%emt 0:00:09]} f6 {[%emt 0:00:37]} 31. Bd6 {[%emt 0:00:55]} Rb7 {[%emt 0:00:21]} 32. f4 {[%emt 0:00:50]} Kf7 {[%emt 0:00:04]} 33. exf6 {[%emt 0:00:06]} Kxf6 {[%emt 0:00:42]} 34. Be5+ {[%emt 0:00:07]} Ke7 {[%emt 0:00:06]} 35. Bxg7 {[%emt 0:00:19]} Rg8 {[%emt 0:00:35]} 36. Rg3 {[%emt 0:00:17]} Ne8 {[%emt 0:00:34]} 37. Bxh6 {[%emt 0:00:13]} Rxg3 {[%emt 0:00:23]} 38. hxg3 {[%emt 0:00:05]} Nd6 {[%emt 0:00:04]} (38... Kf7 $142 39. a4 Nd6) 39. Bg5+ {[%emt 0:00:12]} Kf7 {[%emt 0:00:07]} 40. Kb2 {[%emt 0:00:00]} c5 {[%emt 0:00:00]} 41. a3 {[%emt 0:13:59]} c4 {[%emt 0:03:53]} (41... Nc4+ {is a better defense.} 42. Bxc4 dxc4) 42. g4 {[%emt 0:11:33]} Ra7 {[%emt 0:03:40]} 43. Bd8 {[%emt 0:02:05]} Ne4 {[%emt 0:01:18]} 44. Bb6 {[%emt 0:00:51]} Ra6 {[%emt 0:00:19]} 45. Bd4 {[%emt 0:00:17]} Kg6 {[%emt 0:01:09]} 46. Rh8 {[%emt 0:02:01]} Nd6 {[%emt 0:02:23]} 47. Rg8+ {[%emt 0:01:08]} Kf7 {[%emt 0:00:02]} 48. Rg7+ {[%emt 0:00:07]} Ke8 {[%emt 0:00:04]} 49. Bf6 {[%emt 0:01:54]} Bc8 {[%emt 0:00:39]} 50. g5 {[%emt 0:02:48]} Nf5 {[%emt 0:03:22]} 51. Bh5+ {[%emt 0:00:20]} Kf8 {[%emt 0:00:08]} 52. Rh7 {[%emt 0:00:17]} Rxa3 {[%emt 0:01:41]} 53. Rh8# {[%emt 0:00:07]} 1-0

[Event "FIDE WCCC U12 2018"]
[Site "Santiago de Compostela"]
[Date "2018.11.09"]
[Round "5"]
[White "Stalmach, Richard"]
[Black "Ghazarian, Kirk"]
[Result "0-1"]
[WhiteElo "2028"]
[BlackElo "2264"]
[Annotator "TA"]
[PlyCount "60"]
[EventDate "2018.11.04"]
[EventType "swiss"]
[EventCountry "ESP"]
[SourceTitle "playchess.com"]
[Source "ChessBase"]
[SourceQuality "1"]

{[%evp 29,60,20,11,-17,14,-61,-15,-15,-16,-9,-22,-99,-90,-83,-99,-92,-106,-93,-113,-88,-103,-204,-108,-116,-114,-287,-260,-1024,-1008,-2004,-2143,-2427,-336]} 1. d4 d5 2. Nf3 Nf6 3. c4 c6 4. Nc3 e6 5. e3 Nbd7 6. Bd3 dxc4 7. Bxc4 b5 8. Be2 Bb7 9. O-O Be7 10. e4 b4 11. e5 bxc3 12. exf6 Nxf6 13. bxc3 O-O {D47: Semi-Slav: Meran System} 14. Rb1 Qc8 15. Qb3 Ba6 {[#] LiveBook: 7 Games. The position is equal.} 16. Bc4 $146 ({Predecessor:} 16. Bxa6 Qxa6 17. Ne5 Bd6 18. Qc4 {½-½ (18) Horvath,C (2526)-Gonda,L (2528) Sibenik 2012}) 16... Nd5 17. Ne5 ({White should try} 17. Bxa6 $11 Qxa6 18. c4) 17... Bd6 {Strongly threatening ...Rb8.} 18. Ba3 Rb8 19. Qa4 $1 Bb5 20. Bxb5 (20. Qxa7 $2 Ra8 $19) (20. Bxd6 $11 {keeps the balance.} Bxa4 21. Rxb8 Qxb8 22. Bxb8 Rxb8 23. Rc1) 20... cxb5 $17 21. Bxd6 bxa4 22. Rxb8 {[#]} Qxb8 $1 {[%mdl 512]} 23. Bxb8 Rxb8 $11 {[%mdl 4096] Endgame KRN-KRN} 24. c4 Nc3 25. f3 {[#]} (25. g3 $17) 25... f6 ({But not} 25... Nxa2 26. Ra1 $17) ({Better is} 25... Rb2 $1 $19 26. Rf2 Rxa2 27. Rxa2 Nxa2) 26. Nc6 $17 {[#]} Rb2 $1 {[%cal Rb2a2]} 27. Rf2 $2 (27. a3 $17) 27... a3 $19 ({Not} 27... Rxa2 28. Rxa2 Nxa2 29. Kf2 $17) 28. Na5 $2 (28. d5 exd5 29. cxd5) 28... Nxa2 {Black is clearly winning.} 29. Nb3 Rxb3 30. Rxa2 Rb1+ {Precision: White = 15%, Black = 51%.} 0-1